[Event "Belgrade Spring Open 2012"]
[Site "Belgrade SRB"]
[Date "2012.03.25"]
[Round "2.8"]
[White "Vulinovic,R"]
[Black "Rodic,Dr"]
[Result "1-0"]
[WhiteElo "2224"]
[BlackElo "2066"]

1.Nf3 d5 2.g3 Nc6 3.d4 Nf6 4.Bg2 Ne4 5.c4 e6 6.O-O dxc4 7.Qc2 Nd6 8.Nbd2 Bd7
9.Nxc4 Nb4 10.Qb3 Nxc4 11.Qxc4 Bc6 12.a3 Bd5 13.Qc3 Bxf3 14.Bxf3 Nd5 15.Qb3 Rb8
16.Qa4+ c6 17.Qxa7 Bd6 18.Qa4 h5 19.h4 Be7 20.e4 Nb6 21.Qd1 g5 22.d5 cxd5
23.exd5 g4 24.Bg2 Nxd5 25.Re1 Kf8 26.Bxd5 exd5 27.Bf4 Rc8 28.Be5 Rh6 29.Qd3 Kg8
30.Rad1 Qb6 31.Bd4 Bc5 32.Qf5 Rd8 33.Bxc5 Qxc5 34.Qg5+  1-0

[Event "ch-SRB Women 2012"]
[Site "Kac SRB"]
[Date "2012.03.25"]
[Round "4"]
[White "Stojanovic,Andj"]
[Black "Chelushkina,I"]
[Result "1-0"]
[WhiteElo "2324"]
[BlackElo "2263"]

1.Nf3 d5 2.g3 c5 3.Bg2 Nc6 4.d4 e6 5.O-O Nf6 6.c4 Be7 7.dxc5 Bxc5 8.a3 O-O
9.b4 Be7 10.Nbd2 Bd7 11.Bb2 Rc8 12.Rc1 Qe8 13.Qb3 h6 14.Rfe1 a6 15.e4 dxc4
16.Nxc4 Nb8 17.Bxf6 gxf6 18.e5 Rc7 19.Qe3 Kg7 20.exf6+ Bxf6 21.Nce5 Rxc1
22.Rxc1 h5 23.Rc4 Nc6 24.Ng4 Rh8 25.Nxf6 Kxf6 26.Qg5+  1-0

[Event "13th EICC"]
[Site "Plovdiv BUL"]
[Date "2012.03.25"]
[Round "6.51"]
[White "Pap,G"]
[Black "Delchev,A"]
[Result "1-0"]
[WhiteElo "2538"]
[BlackElo "2622"]

1.Nf3 d5 2.g3 g6 3.Bg2 Bg7 4.O-O e5 5.c4 c6 6.Qa4 d4 7.d3 Ne7 8.b4 O-O 9.Nbd2 Nd7
10.Qb3 a5 11.Ne4 axb4 12.Qxb4 c5 13.Qb3 Ra6 14.Rb1 f5 15.Ned2 Nc6 16.Ne1 Nb6
17.Bb2 Na4 18.Ba1 Qa5 19.Qd1 Nb4 20.a3 Na2 21.Rb5 Qc7 22.Nb1 N2c3 23.Nxc3 Nxc3
24.Bxc3 dxc3 25.Qb3 e4 26.dxe4 b6 27.Nd3 fxe4 28.Bxe4 Bd7 29.Nf4 Rxf4 30.gxf4 Qxf4
31.Bd5+ Kf8 32.e3 Qg4+ 33.Kh1 Qe2 34.Kg1 c2 35.Rc1 Bxb5 36.cxb5 Rxa3 37.Qxc2 Qxb5
38.Qe4 Bb2 39.Qf3+ Kg7 40.Qf7+ Kh6 41.Qf8+  1-0

[Event "28th Budapest Spring Festival"]
[Site "Budapest HUN"]
[Date "2012.03.27"]
[Round "2.10"]
[White "Varga,Me"]
[Black "Peczely,S"]
[Result "1-0"]
[WhiteElo "2172"]
[BlackElo "2063"]

1.Nf3 d5 2.g3 c6 3.Bg2 Nf6 4.c4 e6 5.Qc2 Bd6 6.O-O O-O 7.d4 Nbd7 8.Nbd2 h6
9.b3 Qe7 10.Bb2 a5 11.Ne5 c5 12.Nxd7 Bxd7 13.dxc5 Bxc5 14.e4 dxc4 15.Nxc4 Bb5
16.a4 Ba6 17.Qe2 Rac8 18.Qf3 Rfd8 19.Rfd1 b6 20.Ne5 Bb7 21.Qe2 Rxd1+ 22.Rxd1 Rd8
23.Rxd8+ Qxd8 24.Bf3 Qa8 25.Bh5 Nxe4 26.Bxf7+ Kf8 27.Bxe6 Bxf2+ 28.Kf1 Ke7
29.Bc4 Bc5 30.Ng6+ Kd8 31.Bxg7 Bc8 32.Qd3+ Nd6 33.Qd5 Bh3+ 34.Ke1 Bb4+ 35.Kd1 Qxd5+
36.Bxd5 Nf5 37.Bf6+ Kd7 38.Bf3 Ne3+ 39.Ke2 Bc5 40.Bc3 Bf1+ 41.Kd2 Ba6 42.Be2 Nf1+
43.Bxf1 Bxf1 44.Bg7 Bb4+ 45.Kc2 Bg2 46.Nf4 Be4+ 47.Kb2 Be1 48.Bxh6 Kd6 49.Bf8+ Ke5
50.Bg7+ Kd6 51.Bd4 Kc6 52.Bf6 Bf2 53.g4 b5 54.g5 bxa4 55.bxa4 Be3 56.Ne2 Kd7
57.h4 Ke8 58.Nc3 Bg6 59.Nd5 Bf2 60.Nf4 Be4 61.h5 Kf7 62.Kc3 Bg3 63.Nd3 Bc6
64.Be5 Bxa4 65.Bxg3 Be8 66.Be5 Kg8 67.Nf4 a4 68.Kb4 Kh7 69.Bf6  1-0

[Event "13th EICC"]
[Site "Plovdiv BUL"]
[Date "2012.03.27"]
[Round "7.40"]
[White "Azaladze,S"]
[Black "Sjugirov,S"]
[Result "1/2-1/2"]
[WhiteElo "2419"]
[BlackElo "2610"]

1.Nf3 d5 2.g3 Nf6 3.Bg2 c6 4.O-O Bg4 5.d3 Nbd7 6.Nbd2 e5 7.e4 Bd6 8.h3 Bh5
9.exd5 cxd5 10.c4 O-O 11.cxd5 Nxd5 12.Qb3 N5b6 13.Ne4 Bxf3 14.Bxf3 Nc5 15.Nxc5 Bxc5
16.Kg2 Bd4 17.Re1 Nd7 18.Be3 Nc5 19.Qa3 Rc8 20.Rac1 a5 21.Bxd4 Qxd4 22.Rc4 Qd6
23.d4 exd4 24.Rd1 b6 25.Rcxd4 Qc7 26.Bd5 Rce8 27.Qf3 Re7 28.a3 h6 29.h4 Kh8
30.b4 axb4 31.axb4 Nd7 32.Be4 Nf6 33.Bc6 Qe5 34.b5 Re6 35.Rd8 Rxd8 36.Rxd8+ Kh7
37.Qd3+ g6 38.Qa3 Re7 39.Qa6 Qc5 40.Qa1 Kg7 41.Rd5 Qb4 42.Rd3 Re1 43.Qc3 Qxc3
44.Rxc3 Ra1 45.Rc2 Ra3 46.Rd2 g5 47.hxg5 hxg5 48.Rd8 Ra2 49.Rb8 Ng4 50.Kg1 Ra1+
51.Kg2 Ra2  1/2-1/2

[Event "13th EICC"]
[Site "Plovdiv BUL"]
[Date "2012.03.27"]
[Round "7.14"]
[White "Pantsulaia,L"]
[Black "Vallejo Pons,F"]
[Result "1/2-1/2"]
[WhiteElo "2595"]
[BlackElo "2693"]

1.Nf3 d5 2.g3 Nf6 3.Bg2 c6 4.c4 dxc4 5.O-O b5 6.a4 Bb7 7.b3 b4 8.bxc4 c5
9.a5 e6 10.d3 a6 11.Nbd2 Nbd7 12.Bb2 Bd6 13.Ne4 Be7 14.Nxf6+ Bxf6 15.Bxf6 Qxf6
16.Qa4 Rb8 17.Rad1 Ke7 18.Nd2 Bxg2 19.Kxg2 Qe5 20.Nf3 Qc7 21.Qa1 f6 22.Nd2 Qc6+
23.Kg1 h5 24.h4 Rhg8 25.Qc1 Ne5 26.Nb3 Rbc8 27.Qe3 Ng4 28.Qf3 Qxf3 29.exf3 Nh6
30.Rfe1 Rgd8 31.Kf1 Nf5 32.Ke2 e5 33.Kd2 Kf7 34.Kc2 Rd7 35.Re4 Nd6 36.Ree1 Nf5
37.Re4 Nd4+ 38.Nxd4 Rxd4 39.Rde1 Rcd8 40.R4e3 Kg6 41.Rg1 Kf5 42.Rh1 R8d7
43.Rh2 Rd8 44.Rh1 R4d7 45.Rg1 Kg6 46.Rd1 Rd4 47.Rg1 Kh6 48.Rh1 R8d7 49.Rd1 g5
50.hxg5+ Kxg5 51.Rh1 Rd8 52.Rd1 R8d7 53.Rh1 R7d6 54.Rd1 Kg6 55.Rh1 Rd7 56.Rh2 f5
57.Rh1 e4 58.fxe4 fxe4 59.Rxe4 Rxe4 60.dxe4 Rd4 61.f3 Rxc4+ 62.Kd2 Rc3 63.Rc1 Rxc1
64.Kxc1 c4 65.f4 Kf6 66.Kc2 Ke6  1/2-1/2

[Event "13th EICC"]
[Site "Plovdiv BUL"]
[Date "2012.03.27"]
[Round "7.109"]
[White "Kreisl,R"]
[Black "Drenchev,P"]
[Result "1/2-1/2"]
[WhiteElo "2400"]
[BlackElo "2499"]

1.Nf3 d5 2.g3 e6 3.Bg2 Nf6 4.c4 d4 5.O-O c5 6.e3 Nc6 7.exd4 cxd4 8.d3 Be7
9.Re1 Nd7 10.Na3 e5 11.Nc2 a5 12.a3 O-O 13.Rb1 a4 14.Bd2 Bd6 15.Nb4 Ndb8
16.Ng5 Bf5 17.Bd5 Qd7 18.Qf3 h6 19.Ne4 Be7 20.g4 Bxg4 21.Qg3 Kh7 22.f4 f6
23.Kh1 exf4 24.Bxf4 Nxb4 25.axb4 Bxb4 26.Rg1 f5 27.Nf2 Nc6 28.Rbf1 g5 29.Nxg4 fxg4
30.Be5 Nxe5 31.Qxe5 Qg7 32.Qe4+ Kh8 33.Qxg4 Bd2 34.Qg2 Be3 35.Rxf8+ Rxf8
36.Rf1 b6 37.Rxf8+ Qxf8 38.Qf3 Qxf3+ 39.Bxf3 Bc1 40.Bd1 Bxb2 41.Bxa4 Kg7  1/2-1/2

[Event "13th EICC"]
[Site "Plovdiv BUL"]
[Date "2012.03.27"]
[Round "7.89"]
[White "Ruck,R1"]
[Black "Valsecchi,A"]
[Result "1-0"]
[WhiteElo "2579"]
[BlackElo "2429"]

1.Nf3 d5 2.g3 Nf6 3.Bg2 e6 4.c4 c5 5.cxd5 exd5 6.d4 Nc6 7.O-O Be7 8.Nc3 O-O
9.Bg5 Be6 10.dxc5 Bxc5 11.Rc1 Bb6 12.Na4 h6 13.Bxf6 Qxf6 14.a3 Rfd8 15.Nxb6 axb6
16.Qb3 Ra6 17.Rfd1 d4 18.Qb5 Rd5 19.Qd3 Rc5 20.b4 Rxc1 21.Rxc1 Ra4 22.Nd2 Bf5
23.Be4 Bxe4 24.Nxe4 Qe6 25.Nd2 g6 26.Nf3 Qd5 27.Rd1 Ne5 28.Nxe5 Qxe5 29.Rd2 Qe6
30.Qxd4 Rxa3 31.Qd8+ Kg7 32.Qd4+ Kg8 33.Kg2 Qc6+ 34.f3 Qe6 35.Qd8+ Kg7 36.Qd4+ Kg8
37.Qd6 Qe3 38.Qd8+ Kg7 39.g4 Rb3 40.Qd4+ Qxd4 41.Rxd4 Rb2 42.Kf2 Kf8 43.Re4 Rb1
44.h4 Rd1 45.Re5 Rd4 46.Rb5 Rd6 47.f4 f6 48.e4 Kf7 49.Ke3 Rc6 50.Kd4 Ke7
51.g5 fxg5 52.hxg5 h5 53.Re5+ Kf7 54.Rd5 Ke7 55.f5 gxf5 56.exf5 h4 57.Ke5 Rc1
58.f6+ Kf7 59.Rd7+ Kg6 60.Rg7+ Kh5 61.f7 Rf1 62.Ke6 h3 63.Ke7 Re1+ 64.Kf8 h2
65.Rh7+ Kxg5 66.Rxh2  1-0

[Event "13th EICC"]
[Site "Plovdiv BUL"]
[Date "2012.03.28"]
[Round "8.63"]
[White "Benidze,D"]
[Black "Hovhannisyan,R"]
[Result "1/2-1/2"]
[WhiteElo "2530"]
[BlackElo "2600"]

1.Nf3 d5 2.g3 c6 3.Bg2 Bg4 4.d3 Nd7 5.O-O e6 6.e4 Bd6 7.Qe1 Ne7 8.h3 Bh5
9.Nc3 O-O 10.Ne2 a5 11.Nf4 Bxf3 12.Bxf3 e5 13.Ne2 dxe4 14.dxe4 Nc5 15.Be3 Qc7
16.Rd1 Rfd8 17.b3 Na6 18.Nc1 Bc5 19.Bd2 Nb4 20.c3 Nd3 21.Qe2 Nb2 22.Rde1 Qd6
23.Bg5 f6 24.Qxb2 fxg5 25.Qe2 Bb6 26.Rd1 Qc5 27.Qc4+ Qxc4 28.bxc4 a4 29.Rxd8+ Rxd8
30.Rd1 Rxd1+ 31.Bxd1 a3 32.Nb3 c5 33.Bg4 Kf7 34.Bd7 Ba7 35.Kf1 Ng8 36.Bc8 b6
37.Nd2 Nf6 38.Ke2 Ne8 39.Bb7 Nd6 40.Bd5+ Kf6 41.Nb1 Bb8 42.Nxa3 Bc7 43.Nc2 Bd8
44.Ne1 Be7 45.Nd3 Nc8 46.a4 Bd6 47.Bb7 Ne7 48.Bd5 Nc8 49.Ne1 Bc7 50.Nd3 Bd6  1/2-1/2

[Event "13th EICC"]
[Site "Plovdiv BUL"]
[Date "2012.03.28"]
[Round "8.157"]
[White "Pop,A"]
[Black "Ojagverdiyev,Z"]
[Result "1/2-1/2"]
[WhiteElo "2272"]
[BlackElo "2050"]

1.Nf3 d5 2.g3 Nf6 3.Bg2 g6 4.c4 c6 5.cxd5 cxd5 6.d4 Bg7 7.O-O O-O 8.Nc3 Nc6
9.Ne5 e6 10.Bf4 Nh5 11.Nxc6 bxc6 12.Be3 Rb8 13.Na4 Re8 14.Rc1 Bd7 15.b3 Bf8
16.Nc5 Bd6 17.Qc2 Bc8 18.Nd3 Bb7 19.Bf3 Ng7 20.Bf4 Nf5 21.Bxd6 Qxd6 22.Qb2 h5
23.Bg2 Kg7 24.Nc5 Bc8 25.Rfd1 e5 26.dxe5 Qxe5 27.Qxe5+ Rxe5 28.e3 Ne7 29.Rd4 Bf5
30.Ra4 Nc8 31.Bf1 Re7 32.Na6 Rb6 33.Nb4 Bd7 34.a3 g5 35.Ra6 Re6 36.Bd3 Rd6
37.Ra5 h4 38.e4 hxg3 39.hxg3 dxe4 40.Bxe4 Kf6 41.Kg2 Rb5 42.Rc5 Rxc5 43.Rxc5 Ne7
44.Ra5 Be6 45.Rxa7 Bxb3 46.Ra6 Ke5 47.f3 Rd2+ 48.Kg1 c5 49.Nd3+ Kd4 50.Rf6 c4
51.Nb4 Ng6 52.Rxf7 Ne5 53.Rf5 g4 54.Rf4 gxf3 55.Bxf3+ Kc5 56.Rf5 Kd4 57.Rf4+ Kc3
58.Bd5  1/2-1/2

[Event "13th EICC"]
[Site "Plovdiv BUL"]
[Date "2012.03.28"]
[Round "8.95"]
[White "Kanmazalp,O"]
[Black "Steingrimsson,H"]
[Result "1-0"]
[WhiteElo "2389"]
[BlackElo "2556"]

1.Nf3 d5 2.g3 Bg4 3.Bg2 Nd7 4.O-O Ngf6 5.d3 c6 6.Qe1 e5 7.e4 dxe4 8.dxe4 Be7
9.Nbd2 Qc7 10.h3 Bh5 11.Nh4 O-O 12.Nf5 Rfe8 13.Nxe7+ Rxe7 14.Nc4 Bg6 15.f3 b5
16.Qa5 Qb7 17.Ne3 Nc5 18.Rd1 Ne6 19.Bd2 Rd7 20.Be1 Rad8 21.Bf2 c5 22.Rxd7 Nxd7
23.Rd1 f6 24.Rd6 Qc7 25.Qxc7 Nxc7 26.Rc6 Na8 27.Nd5 Nab6 28.Bxc5 Nxc5 29.Rxc5 Nxd5
30.exd5 a6 31.Kf2 Kf8 32.f4 exf4 33.gxf4 Ke7 34.b3 Be8 35.Rc7+ Bd7 36.Ke3 Kd6
37.Ra7 Kc5 38.Rxa6 b4 39.a3 Re8+ 40.Kd2 Bb5 41.axb4+ Kxb4 42.Re6  1-0

[Event "13th EICC"]
[Site "Plovdiv BUL"]
[Date "2012.03.28"]
[Round "8.21"]
[White "Sargissian,G"]
[Black "Smeets,J"]
[Result "1/2-1/2"]
[WhiteElo "2674"]
[BlackElo "2610"]

1.Nf3 d5 2.g3 c6 3.Bg2 Nf6 4.O-O Bg4 5.c4 e6 6.d3 Nbd7 7.cxd5 exd5 8.h3 Bh5
9.e4 dxe4 10.dxe4 Nc5 11.Nc3 Be7 12.Qe2 Qd3 13.Re1 O-O-O 14.g4 Bg6 15.Ne5 Qxe2
16.Rxe2 Nfd7 17.Nxg6 hxg6 18.Be3 Ne6 19.e5 Nxe5 20.Bxa7 Nd3 21.Be3 Bf6 22.Rb1 Ndf4
23.Bxf4 Nxf4 24.Re3 Bxc3 25.bxc3 Rd7 26.a4 Kc7 27.a5 Ra8 28.Ra1 g5 29.Bf1 f6
30.Kh2 Nd5 31.Rf3 Ne7 32.Re3 Nd5 33.Rf3 Ne7 34.Re3 Ng6 35.Kg3 Rd5 36.a6 Rc5
37.Bd3 Ne5 38.Be2 b5 39.h4 gxh4+ 40.Kxh4 g5+ 41.Kg3 Kb6 42.f4 gxf4+ 43.Kxf4 Rxa6
44.Rxa6+ Kxa6 45.Ke4 Nf7 46.Kd3 Rd5+ 47.Kc2 Re5 48.Kd3 Rxe3+ 49.Kxe3 Nd6
50.Kf4 Kb6 51.Bd3 Kc5 52.Be2 Kb6 53.Bd3 Kc5 54.Be2 Ne8 55.Kf5 Kd6 56.Bf3 c5
57.Bg2 c4 58.Bf3 Ke7 59.g5 Ng7+ 60.Kg4 fxg5 61.Bc6 b4 62.cxb4 Kd6 63.Ba4 Ne6
64.Kf3 Kd5 65.Ke3 Nd4 66.b5 Nf5+ 67.Kf3 Kc5 68.Kg4 Nd4 69.Kxg5 Nxb5 70.Kf4 Nc3
71.Bc2 Kd4 72.Bg6 Ne2+ 73.Kf3 Nc1 74.Bh7 c3 75.Bc2 Kc4 76.Ke3 Nb3 77.Bd3+ Kb4
78.Bc2 Ka3 79.Bg6 Kb2 80.Bh7 Nc5 81.Kd4 Ne6+ 82.Kc4 Nf4 83.Bf5 Ne2 84.Bd3 Nc1
85.Bg6 Na2 86.Bh7 Nc1 87.Bg6 Nb3 88.Bh7 Nd2+ 89.Kb4 Nf3 90.Kc4 Ne5+ 91.Kd4 Ng4
92.Kc4 Ne3+ 93.Kd4 Nd1 94.Kc4 Kc1 95.Kd3 Kb2 96.Kc4 Nf2 97.Bg6 Nh3 98.Bf5 Nf4
99.Bh7 Ne2 100.Bd3 Ka3 101.Bh7 Ka2 102.Kd3 Kb2 103.Kxe2 c2 104.Bxc2 Kxc2  1/2-1/2

[Event "Belgrade Spring Open 2012"]
[Site "Belgrade SRB"]
[Date "2012.03.29"]
[Round "6.6"]
[White "Vulinovic,R"]
[Black "Jakovljevic,Zi"]
[Result "1/2-1/2"]
[WhiteElo "2224"]
[BlackElo "2148"]

1.Nf3 d5 2.g3 c5 3.Bg2 Nc6 4.d4 cxd4 5.Nxd4 Nf6 6.O-O e6 7.c4 Bc5 8.Nb3 Be7
9.cxd5 exd5 10.Nc3 Be6 11.Nd4 O-O 12.Be3 Qd7 13.Qa4 Rfd8 14.Rac1 Bh3 15.Rfe1 Bxg2
16.Kxg2 h6 17.h3 Bb4  1/2-1/2

[Event "28th Budapest Spring Festival"]
[Site "Budapest HUN"]
[Date "2012.03.29"]
[Round "4.10"]
[White "Varga,Me"]
[Black "Koczo,K"]
[Result "1-0"]
[WhiteElo "2172"]
[BlackElo "2138"]

1.Nf3 d5 2.g3 g6 3.Bg2 Bg7 4.c4 c6 5.d4 Nf6 6.O-O O-O 7.Qb3 Qb6 8.Nc3 Bf5
9.Ne5 Qxb3 10.axb3 e6 11.f3 Bc2 12.Ra3 Nfd7 13.Bf4 Nxe5 14.Bxe5 Bxe5 15.dxe5 g5
16.f4 Nd7 17.cxd5 cxd5 18.Rc1 Bg6 19.Nb5 Rac8 20.Raa1 Rc5 21.Nd6 gxf4 22.gxf4 a6
23.Nxb7 Rxc1+ 24.Rxc1 Rb8 25.Rc7 Nb6 26.Nd6 a5 27.Ra7 Bc2 28.Nxf7 a4 29.bxa4 Nxa4
30.Ng5 Bf5 31.Rxa4  1-0

[Event "ch-VIE Men KO 2012"]
[Site "Can Tho VIE"]
[Date "2012.03.29"]
[Round "3.2"]
[White "Tu Hoang Thong"]
[Black "Dao Thien Hai"]
[Result "1/2-1/2"]
[WhiteElo "2416"]
[BlackElo "2516"]

1.Nf3 d5 2.g3 c6 3.Bg2 Bg4 4.O-O Nd7 5.d4 e6 6.b3 Ngf6 7.Bb2 Bd6 8.c4 O-O
9.Nbd2 Qe7 10.Re1 Ba3 11.Qc1 Bxb2 12.Qxb2 Rfe8 13.e4 dxe4 14.Nxe4 Nxe4 15.Rxe4 Bxf3
16.Bxf3 Nf6 17.Re3 Rad8 18.Rd1 Qc7 19.Red3 h6 20.Qa3 a6 21.Qb2 Rd7 22.R1d2 Red8
23.Qc2 Qa5 24.Rd1 Qb4 25.Kg2 Qa5 26.Qe2 Qc7 27.Qb2 Qa5 28.Qc2 Qb4 29.h3 Qa5
30.h4 Qb4  1/2-1/2

[Event "13th EICC"]
[Site "Plovdiv BUL"]
[Date "2012.03.29"]
[Round "9.90"]
[White "Arsovic,Z"]
[Black "Brkic,A"]
[Result "1-0"]
[WhiteElo "2435"]
[BlackElo "2587"]

1.Nf3 d5 2.g3 Nf6 3.Bg2 g6 4.c4 Bg7 5.cxd5 Nxd5 6.O-O Nc6 7.Nc3 O-O 8.Qa4 Nb6
9.Qh4 e5 10.Qxd8 Rxd8 11.d3 Nd4 12.Bg5 f6 13.Bd2 Bg4 14.Nxd4 exd4 15.Ne4 Nd5
16.Rfc1 b6 17.Kf1 c5 18.a4 a5 19.Nxc5 bxc5 20.Rxc5 Be6 21.Bxa5 Rd7 22.Be1 Kf7
23.a5 Ra6 24.b4 Bf8 25.Rc4 Nxb4 26.Rxb4 Bxb4 27.Bxb4 Bd5 28.Bc5 Bxg2+ 29.Kxg2 Rd5
30.Bb6 Ra8 31.Rc1 Re8 32.Rc7+ Ke6 33.Rxh7 Kd6 34.Rf7 Ke6 35.Rc7 Kd6 36.Rc2 g5
37.h3 Kd7 38.Rc7+ Kd6 39.Rc2 Kd7 40.Kf3 Rf5+ 41.Kg4 Rxf2 42.Bxd4 Rfxe2 43.Rxe2 Rxe2
44.Bxf6 Re3 45.d4 Ke6 46.Be5 Ra3 47.Kxg5 Rxa5 48.Kg6 Ra3 49.h4 Ke7 50.h5  1-0

[Event "European Senior Teams 2012"]
[Site "Rogaska Slatina SLO"]
[Date "2012.03.29"]
[Round "3.21"]
[White "Murphy,George A A"]
[Black "Fritsch,J"]
[Result "1/2-1/2"]
[WhiteElo "1811"]
[BlackElo "1979"]

1.Nf3 d5 2.g3 Bf5 3.Bg2 e6 4.O-O Nf6 5.d3 c6 6.Nbd2 Bc5 7.h3 O-O 8.Nh4 Nbd7
9.Nxf5 exf5 10.Nf3 Nh5 11.Kh2 Qc7 12.e3 Rfe8 13.d4 Be7 14.Qd3 g6 15.Bd2 Rad8
16.Rac1 Ndf6 17.Ne5 Ne4 18.Bxe4 fxe4 19.Qe2 f6 20.Ng4 Kg7 21.c4 Qd6 22.c5 Qb8
23.b4 a6 24.a4 f5 25.Ne5 Bf6 26.Bc3 Bxe5 27.dxe5 Kf7 28.f4 exf3 29.Qxf3 Ke6
30.g4 Ng7 31.Kg2 Rf8 32.Rcd1 Qc7 33.Qf4 Qe7 34.Qh6 fxg4 35.hxg4 Rxf1 36.Rxf1 Ne8
37.Be1 Qg7 38.Qxg7 Nxg7 39.Bg3 d4 40.Rf6+ Kd5 41.exd4 Kxd4 42.Rd6+ Rxd6 43.exd6 Ne6
44.d7 Kc4 45.Be1 a5 46.bxa5 Kxc5 47.Bh4 Kb4 48.d8=Q Nxd8 49.Bxd8 Kxa4 50.Bb6 h5
51.gxh5 gxh5 52.Kh3 Kb5 53.Kh4 c5 54.Kxh5 c4 55.Kg4 c3 56.Kf5 c2 57.Be3 Kxa5
58.Ke4  1/2-1/2

[Event "28th Budapest Spring Festival"]
[Site "Budapest HUN"]
[Date "2012.03.30"]
[Round "5.19"]
[White "Egri,L2"]
[Black "Aryan,C"]
[Result "1-0"]
[WhiteElo "2075"]
[BlackElo "1869"]

1.Nf3 d5 2.g3 Nf6 3.Bg2 e6 4.O-O Nbd7 5.d3 Bd6 6.c4 c6 7.cxd5 cxd5 8.Nc3 O-O
9.a3 e5 10.e4 dxe4 11.dxe4 Bc7 12.b4 b6 13.Qb3 Bb7 14.Re1 Rc8 15.Bb2 Qe7
16.Nd2 Rfd8 17.Nf1 Qe6 18.Nd5 Bxd5 19.exd5 Qe7 20.Ne3 Re8 21.Rad1 Bd6 22.Nc4 Qf8
23.Rd2 Rc7 24.Rde2 Rcc8 25.h3 Bc7 26.Kh2 b5 27.Nxe5 Nxe5 28.Bxe5 Bxe5 29.Rxe5 Rxe5
30.Rxe5 Qd6 31.Re2 h6 32.Rc2 Rd8 33.Rd2 Qc7 34.Qc2 Qc4 35.Qd3 Rd6 36.Qxc4 bxc4
37.Rc2 Nxd5 38.Rxc4 Nf6 39.Rc8+ Kh7 40.Rc7 Ra6 41.Rc3 Kg6 42.g4 h5 43.Kg3 hxg4
44.hxg4 Rd6 45.f4 Rd4 46.Rc6 Rd3+ 47.Kh4 Rd4 48.Kg3 Rd3+ 49.Kh2 Rxa3 50.Be4+ Kh6
51.g5+ Kh5 52.gxf6 gxf6 53.Rc4 Kg4 54.Bd5 f5 55.Bxf7 Rf3 56.Kg2 Rxf4 57.Rxf4+ Kxf4
58.Kf2 Ke4 59.Bc4 Kd4 60.Be2 Ke4 61.b5  1-0

[Event "14th WGM Rector Cup"]
[Site "Kharkiv UKR"]
[Date "2012.03.30"]
[Round "5"]
[White "Andrenko,I"]
[Black "Rakhmangulova,A"]
[Result "1-0"]
[WhiteElo "2227"]
[BlackElo "2215"]

1.Nf3 d5 2.g3 c5 3.Bg2 Nc6 4.O-O e5 5.d3 Bd6 6.c4 d4 7.e3 Nge7 8.exd4 exd4
9.Nbd2 Bc7 10.Ne4 b6 11.Nfg5 Bf5 12.Re1 O-O 13.f4 h6 14.Nf3 Qd7 15.Nf2 Rae8
16.Nh4 Be6 17.Bd2 Bd6 18.a3 Qc7 19.Qf3 Bd7 20.f5 g5 21.Ng4 f6 22.Nxh6+ Kg7
23.Qh5 gxh4 24.Qg4+ Kh7 25.Qxh4 Kg7 26.Qg4+ Kh7 27.Qh5 Kg7 28.Re4 Ne5 29.Rae1 N7c6
30.Ng4 Bxf5 31.Qxf5 Ne7 32.Bh6+ Kg8 33.Nxf6+ Kf7 34.Qh5+  1-0

[Event "13th EICC"]
[Site "Plovdiv BUL"]
[Date "2012.03.30"]
[Round "10.17"]
[White "Efimenko,Z"]
[Black "Lenic,L"]
[Result "1-0"]
[WhiteElo "2695"]
[BlackElo "2637"]

1.Nf3 d5 2.g3 c6 3.Bg2 Nf6 4.O-O Bg4 5.d3 Nbd7 6.Nbd2 e5 7.e4 dxe4 8.dxe4 Bc5
9.h3 Bh5 10.Qe1 O-O 11.Nb3 Be7 12.Nh4 a5 13.Nf5 Re8 14.Nxe7+ Rxe7 15.a4 Ne8
16.Be3 Qc7 17.Qc3 b6 18.f4 f6 19.f5 Nd6 20.Nd2 Bf7 21.Bf2 b5 22.g4 bxa4 23.Rxa4 Nb5
24.Qe3 Nd4 25.c3 Nb3 26.Nxb3 Bxb3 27.Raa1 Rb8 28.h4 Nb6 29.g5 Nc4 30.Qg3 Kh8
31.h5 Rd7 32.h6 gxh6 33.gxf6 Qd6 34.Qh3 Qxf6 35.Bh4 Qf7 36.Rf2 h5 37.Kh2 Bd1
38.Bf3 Ne3 39.Bxd1 Rxd1 40.Rxd1 Nxd1 41.Qg3 Qg7 42.Rg2 Qxg3+ 43.Bxg3 Re8
44.Bh4 Rf8 45.Be7 Rf7 46.Bd6 h6 47.Bxe5+ Kh7 48.Bf4 Rg7 49.Rd2 Rg4 50.Rd7+  1-0

[Event "13th EICC"]
[Site "Plovdiv BUL"]
[Date "2012.03.30"]
[Round "10.170"]
[White "Vdovenko,Volodymyr"]
[Black "Katsarov,Hristo"]
[Result "1-0"]
[WhiteElo "1784"]
[BlackElo "1495"]

1.Nf3 d5 2.g3 c5 3.Bg2 Nc6 4.O-O Nf6 5.d3 Bf5 6.Nbd2 e5 7.Nh4 Bg4 8.h3 Be6
9.e4 Qd7 10.Kh2 Be7 11.Re1 dxe4 12.dxe4 Rd8 13.c3 O-O 14.Bf1 a6 15.Qa4 h6
16.Qc2 Nh7 17.Ndf3 Bxh4 18.Nxh4 b5 19.Be3 c4 20.Bb6 Rb8 21.Rad1 Qc8 22.Bc5 Rd8
23.Qe2 Ng5 24.g4 Rxd1 25.Rxd1 Rb7 26.Nf5 Bxf5 27.gxf5 Rd7 28.Rxd7 Qxd7 29.h4 Nh7
30.Bh3 f6 31.Bf1 Nf8 32.Qc2 Ne7 33.b3 Qc7 34.Be3 Kh7 35.bxc4 bxc4 36.Qa4 Qc6
37.Qb4 Qc7 38.Bxc4 Nd7 39.Bxa6 Nc6 40.Qb7 Qa5 41.Qxc6 Nb8 42.Qb5 Qxa6 43.Qxb8 Qxa2
44.Qb5 Qc2 45.Qc4 Qd1 46.Qf7 Qg4 47.Qg6+ Qxg6 48.fxg6+ Kxg6  1-0

[Event "13th EICC"]
[Site "Plovdiv BUL"]
[Date "2012.03.30"]
[Round "10.48"]
[White "Azaladze,S"]
[Black "Ponkratov,P"]
[Result "1-0"]
[WhiteElo "2419"]
[BlackElo "2607"]

1.Nf3 d5 2.g3 Nf6 3.Bg2 e6 4.O-O Be7 5.d3 Nc6 6.Nbd2 e5 7.e4 dxe4 8.dxe4 O-O
9.Nc4 Nd7 10.a4 b6 11.Re1 Ba6 12.Bh3 Nd4 13.Nxd4 exd4 14.Qxd4 Nc5 15.Qc3 f5
16.exf5 Bb7 17.Ne5 Qd5 18.Qc4 Qxc4 19.Nxc4 Bf6 20.Bf4 Bc6 21.Ne5 Be8 22.b3 Na6
23.Rad1 Nb4 24.c3 Na6 25.Bg2 Rb8 26.g4 Nc5 27.Bd5+ Kh8 28.Bc4 g5 29.Bg3 Bg7
30.h3 a6 31.Bd5 Rd8 32.Be6 Rd6 33.Rxd6 cxd6 34.Nf3 Nxe6 35.Rxe6  1-0

[Event "13th EICC"]
[Site "Plovdiv BUL"]
[Date "2012.03.30"]
[Round "10.96"]
[White "Benidze,D"]
[Black "Petenyi,T"]
[Result "1/2-1/2"]
[WhiteElo "2530"]
[BlackElo "2359"]

1.Nf3 d5 2.g3 Nc6 3.d4 Bg4 4.Bg2 Qd7 5.Nc3 e6 6.h3 Bh5 7.g4 Bg6 8.Nh4 Bb4
9.Nxg6 hxg6 10.Qd3 Nf6 11.a3 Bxc3+ 12.Qxc3 Ne4 13.Qd3 e5 14.c4 Nxd4 15.b4 c6
16.Bb2 f5 17.Rd1 O-O 18.cxd5 cxd5 19.e3 fxg4 20.Bxe4 Qf7 21.Qe2 Nxe2 22.Bxd5 Qxd5
23.Rxd5 g3 24.fxg3 Nxg3 25.Rg1 Rf3 26.Rxe5 Raf8 27.Bd4 a6 28.Re7 R8f7 29.Rxf7 Kxf7
30.Rg2 Ne4 31.Rc2 Ke6 32.Rc7 Rf7 33.Rxf7 Kxf7 34.Ke2 b5 35.Be5 g5 36.Bb2 Kg6
37.Be5 Kf7 38.Bd4 Kg6 39.Bb2 Kf7 40.Kf3 Nd2+ 41.Kg4 Kg6 42.Bd4 Ne4 43.Bb2 Nd2
44.Bc3 Ne4 45.Be1 Nd6 46.Bg3 Nc4 47.e4 Nxa3 48.Be1 Nc4 49.Bc3 Ne3+ 50.Kf3 Nc4
51.Ke2 Kf7 52.Kd3 g6 53.Kd4 Ke6 54.Be1 Kd6 55.Bf2 a5 56.Bg3+  1/2-1/2

[Event "European Senior Teams 2012"]
[Site "Rogaska Slatina SLO"]
[Date "2012.03.30"]
[Round "4.4"]
[White "Sorensen,B"]
[Black "Ofstad,P"]
[Result "1/2-1/2"]
[WhiteElo "2312"]
[BlackElo "2190"]

1.Nf3 d5 2.g3 g6 3.Bg2 Nf6 4.d4 Bg7 5.c4 c6 6.cxd5 cxd5 7.Ne5 O-O 8.Nc3 Nc6
9.Nxc6 bxc6 10.O-O Bf5 11.h3 Ne4 12.Qa4 Qb6 13.Nxe4 Bxe4 14.Bxe4 dxe4 15.e3 Qb5
16.Qxb5 cxb5 17.Bd2 Rfc8  1/2-1/2

[Event "4NCL 2011-12"]
[Site "Hinkley ENG"]
[Date "2012.03.31"]
[Round "7.11"]
[White "Cobb,J"]
[Black "Rowson,J"]
[Result "1-0"]
[WhiteElo "2411"]
[BlackElo "2581"]

1.Nf3 d5 2.g3 Bg4 3.Bg2 Nd7 4.d4 e6 5.O-O Ngf6 6.Nbd2 Be7 7.c3 O-O 8.Re1 c5
9.h3 Bh5 10.e4 cxd4 11.cxd4 Rc8 12.e5 Ne8 13.Nb3 Nc7 14.Bd2 Na6 15.Ba5 Qe8
16.a3 Ndb8 17.Bc3 Qa4 18.Nc1 Qxd1 19.Rxd1 Nc7 20.Bd2 Nc6 21.Ne2 f6 22.exf6 Bxf6
23.Be3 Nb5 24.g4 Bf7 25.Nf4 Nd6 26.h4 Nc4 27.g5 Bd8 28.Bh3 Re8 29.Nxd5 Rb8
30.Nf4 Nxb2 31.Rdc1 Na4 32.Ne5 Nxe5 33.dxe5 Bb6 34.Bxb6 Nxb6 35.Rc7 Rbd8
36.Rxb7 Rd4 37.Ng2 Ra4 38.Ne3 Rxh4 39.Bg2 Bg6 40.Rc1 Kh8 41.Rxa7 Rd4 42.Rc6 Nd5
43.Rd6 Rf8 44.Nxd5 exd5 45.e6 Rd1+ 46.Kh2 Re1 47.f4 Re2 48.f5 Bh5 49.e7 Re8
50.Kg3 R2xe7 51.Rxe7 Rxe7 52.Rd8+ Re8 53.Rxe8+ Bxe8 54.Bxd5 h6 55.g6 h5 56.Kh3 h4
57.Be4 Kg8 58.Kxh4 Kf8 59.Kg5 Ke7 60.Bc2 Bc6 61.Bb3 Be4 62.Kf4 Bd3 63.Ke5 Kd7
64.f6 gxf6+ 65.Kxf6 Kc6 66.g7 Bh7 67.Kg5  1-0

[Event "ch-SRB Women 2012"]
[Site "Kac SRB"]
[Date "2012.03.31"]
[Round "10"]
[White "Chelushkina,I"]
[Black "Nonkovic,B"]
[Result "1-0"]
[WhiteElo "2263"]
[BlackElo "1900"]

1.g3 d5 2.Nf3 e6 3.Bg2 Nf6 4.O-O c5 5.c4 Nc6 6.cxd5 exd5 7.d4 Be7 8.Nc3 O-O
9.Bg5 Bf5 10.Rc1 c4 11.Ne5 Rb8 12.Bf4 Rc8 13.g4 Bxg4 14.Nxg4 Nxg4 15.Nxd5 Bd6
16.e3 Bxf4 17.Nxf4 Qh4 18.h3 Nf6 19.Rxc4 g5 20.d5 Ne5 21.Rxc8 Rxc8 22.Qd4 Nfd7
23.Ne2 Rc2 24.Qxh4 gxh4 25.Nd4 Rxb2 26.Rc1 Nd3 27.Rc8+ Kg7 28.Rc7 N3c5 29.Ne6+  1-0

[Event "17th Metropolitan IM"]
[Site "Los Angeles USA"]
[Date "2012.03.31"]
[Round "6"]
[White "Matikozian,A"]
[Black "Casella,M"]
[Result "1-0"]
[WhiteElo "2409"]
[BlackElo "2248"]

1.g3 d5 2.Nf3 Bg4 3.Bg2 Nd7 4.O-O c6 5.d3 Ngf6 6.Nbd2 e5 7.e4 dxe4 8.dxe4 Be7
9.Qe1 O-O 10.Nc4 Qc7 11.Ne3 Bh5 12.Nf5 Nc5 13.Nxe7+ Qxe7 14.Nh4 Qe6 15.b3 Rfe8
16.Ba3 Nfd7 17.Qe3 b6 18.Nf5 Qf6 19.f3 Bg6 20.Bh3 Bxf5 21.Bxf5 g6 22.Bh3 Ne6
23.Rad1 Ndf8 24.Rd6 Rad8 25.Rxc6 Qg5 26.Qxg5 Nxg5 27.Bg2 Nfe6 28.c3 Rd2 29.h4 Rxa2
30.Bd6 Nd8 31.Rc8 Rd2 32.Bb8 Nge6 33.Bxe5 Nc5 34.Bf4 Rd3 35.b4 Nce6 36.Be5 Ng7
37.Bb8 Nc6 38.Rxc6 Rxb8 39.Rf2 a5 40.Bf1 Rd1 41.Kg2 Rc1 42.bxa5 bxa5 43.Bc4 a4
44.Ra2 h5 45.Kf2 Ra8 46.Ra3 Ra7 47.Rxg6 Rc2+ 48.Ke3 Rc7 49.Bd5 R7xc3+ 50.Rxc3 Rxc3+
51.Kf4 a3 52.Rf6  1-0

[Event "TCh-NED Meesterklasse 2011-12"]
[Site "Netherlands NED"]
[Date "2012.03.31"]
[Round "8.3"]
[White "Hausrath,D"]
[Black "Lindeman,Johan"]
[Result "1-0"]
[WhiteElo "2507"]
[BlackElo "2032"]

1.Nf3 d5 2.g3 Nf6 3.Bg2 e6 4.d4 Be7 5.c4 O-O 6.Qc2 dxc4 7.Nbd2 Nc6 8.Qxc4 Rb8
9.O-O Na5 10.Qc2 b6 11.Rd1 Bb7 12.a3 Nc6 13.Nc4 Qc8 14.b4 b5 15.Ne3 Rd8 16.Bb2 Bf8
17.Ng5 Ne7 18.d5 h6 19.Bxf6 hxg5 20.Bxe7 Bxe7 21.dxe6 Rxd1+ 22.Rxd1 Qxe6
23.Qxc7  1-0